000 00523nam a2200181Ia 4500
001 5231
005 20260306145853.0
008 260306t2017||||xx |||||||||||||| ||spa||
041 _aESP
082 _a338.23
_bG15
100 _aGallegos, Armando,
_eAUT
245 0 _aMinería :
_bretos y posibilidades :planificación estratégica del sector minero en el Perú y benchmark con seis países mineros
260 _c2017
300 _a209 páginas :
_c27 cm.
650 _aGEN
654 _aCAN
942 _cLIB
_dJUS
_fJUS
_2ddc
_n
999 _c5231
_d5231